Подготовка педагога по физической культуре в условиях модернизации Российского образования (Запись № 574483)

Подробности
000 -МАРКЕР
контрольное поле 02897nam0a2200349 4500
001 - ИДЕНТИФИКАТОР ЗАПИСИ
контрольное поле RU\NLR\bibl\1308078
005 - ИДЕНТИФИКАТОР ВЕРСИИ
контрольное поле 20260407193336.0
010 ## - МЕЖДУНАРОДНЫЙ СТАНДАРТНЫЙ НОМЕР КНИГИ (ISBN)
Номер (ISBN) 978-5-90383903-2
Тираж 100
021 ## - НОМЕР ГОСУДАРСТВЕННОЙ РЕГИСТРАЦИИ
Код страны Российская Федерация
Номер 2008-84983
Номер Листа государственной регистраци 4962
035 ## - ДРУГИЕ СИСТЕМНЫЕ НОМЕРА
Идентификатор записи (NLR Aleph) 001293559
100 ## - ДАННЫЕ ОБЩЕЙ ОБРАБОТКИ
Данные общей обработки 20081215d2007 |||y0rusy50 ca
101 0# - ЯЗЫК РЕСУРСА
Язык текста, звукозаписи и т.д. русский
Язык резюме английский
102 ## - СТРАНА ПУБЛИКАЦИИ ИЛИ ПРОИЗВОДСТВА
Страна публикации Российская Федерация
105 ## - ПОЛЕ КОДИРОВАННЫХ ДАННЫХ: ТЕКСТОВЫЕ МАТЕРИАЛЫ, МОНОГРАФИЧЕСКИЕ
Кодированные данные о монографическом текстовом документе a |||||||||
200 1# - ЗАГЛАВИЕ И СВЕДЕНИЯ ОБ ОТВЕТСТВЕННОСТИ
Основное заглавие Подготовка педагога по физической культуре в условиях модернизации Российского образования
Сведения, относящиеся к заглавию сборник материалов конференции
-- [в рамках 1-го Всероссийского конгресса "Кадровые ресурсы инновационного развития образовательной системы"]
210 ## - ПУБЛИКАЦИЯ, РАСПРОСТРАНЕНИЕ И ДР.
Место издания, распространения и т.д. Москва
Имя издателя, распространителя и т. д. МПГУ
Дата издания, распространения и т.д. 2007
215 ## - ФИЗИЧЕСКАЯ ХАРАКТЕРИСТИКА
Специфическое обозначение материала и объем 258 с.
Размеры 29
300 ## - ОБЩИЕ ПРИМЕЧАНИЯ
Текст примечания Загл. обл.: Всероссийская научно-практическая конференция "Подготовка педагога по физической культуре в условиях модернизации Российского образования"
300 ## - ОБЩИЕ ПРИМЕЧАНИЯ
Текст примечания На тит. л. и обл. в надзаг.: Моск. пед. гос. ун-т, Междунар. акад. наук пед. образования, Учеб.-метод. об-ние по специальностям пед. образования, Учеб.-метод. комис. по физ. культуре, Фак. физ. культуры
300 ## - ОБЩИЕ ПРИМЕЧАНИЯ
Текст примечания Рез. на англ. яз.
300 ## - ОБЩИЕ ПРИМЕЧАНИЯ
Текст примечания 135 лет МПГУ, 15 лет Факультету физ. культуры посвящ.
512 0# - ЗАГЛАВИЕ ОБЛОЖКИ
Заглавие обложки Всероссийская научно-практическая конференция "Подготовка педагога по физической культуре в условиях модернизации Российского образования"
606 1# - НАИМЕНОВАНИЕ ТЕМЫ КАК ПРЕДМЕТ
Наименование темы Учителя физического воспитания
Формальный подзаголовок Съезды, совещания и т.п.
Тематический подзаголовок Подготовка
Системный номер авторитетной/нормативной записи 2071125
Идентификатор авторитетной/нормативной записи RU\NLR\auth\661245873
686 ## - ИНДЕКСЫ ДРУГИХ КЛАССИФИКАЦИЙ
Индекс Ч489.518.267.3я431
711 12 - НАИМЕНОВАНИЕ ОРГАНИЗАЦИИ - АЛЬТЕРНАТИВНАЯ ОТВЕТСТВЕННОСТЬ
Начальный элемент ввода "Подготовка педагога по физической культуре в условиях модернизации российского образования", всероссийская научно-практическая конференция
Место проведения временной организации Москва
Дата проведения временной организации 2007
Системный номер авторитетной/нормативной записи 751490
Идентификатор авторитетной/нормативной записи RU\NLR\AUTH\8810127116
711 12 - НАИМЕНОВАНИЕ ОРГАНИЗАЦИИ - АЛЬТЕРНАТИВНАЯ ОТВЕТСТВЕННОСТЬ
Начальный элемент ввода "Кадровые ресурсы инновационного развития образовательной системы", всероссийский конгресс
Порядковый номер временной организации и / или порядковый номер ее части 1
Место проведения временной организации Москва
Дата проведения временной организации 2007
Системный номер авторитетной/нормативной записи 751493
Идентификатор авторитетной/нормативной записи RU\NLR\AUTH\8810127117
801 #0 - ИСТОЧНИК ЗАПИСИ
Страна Российская Федерация
Организация NLR
Дата составления 20081215
Правила каталогизации RCR
801 #1 - ИСТОЧНИК ЗАПИСИ
Страна Российская Федерация
Организация NLR
Дата составления 20081215
942 ## - ДОПОЛНИТЕЛЬНЫЕ ЭЛЕМЕНТЫ ЗАПИСИ (АБИС)
Тип экземпляра АБИС Книга
980 ## - КОЛЛЕКЦИЯ
Название коллекции Национальная библиография
Экземпляры
Тип экземпляра Дата поступления Источник поступления Библиотека постоянного хранения Библиотека текущего хранения Место хранения Шифр хранения Штрих-код Статус экземпляра
Книга 15.12.2008 Обязательный экземпляр РНБ (Московский) РНБ (Московский) Русский книжный фонд: издания с 1957 года 2008-8/3663 2814734  
Книга 15.12.2008 Обязательный экземпляр РНБ (Московский) РНБ (Московский) Русский книжный фонд: издания с 1957 года 2008-8/3663 2814737